[Event "Copenhagen KS"]
[Site "Copenhagen"]
[Date "1996.??.??"]
[Round "5"]
[White "Hector, Jonny"]
[Black "Hansen, Sune Berg"]
[Result "0-1"]
[WhiteElo "2525"]
[BlackElo "2490"]
[Annotator "Johnson,M"]
[PlyCount "80"]
[EventDate "1996.07.05"]
[EventType "tourn"]
[EventRounds "9"]
[EventCountry "DEN"]
[EventCategory "10"]
[SourceTitle "CBM 055"]
[Source "ChessBase"]
[SourceDate "1996.12.01"]
[SourceVersion "1"]
[SourceVersionDate "1996.12.01"]
[SourceQuality "1"]

1. e4 c5 2. Nf3 d6 3. d4 cxd4 4. Nxd4 Nf6 5. Nc3 g6 6. Be3 Bg7 7. f3 Nc6 8. Bc4
O-O 9. Qe2 {Jonny Hector's favourite variation and an equally playable
alternative to the heavily analysed Qd2.} Na5 10. Bd3 (10. Bb3 $2 e5 11. Ndb5
a6 12. Na3 Nxb3 13. axb3 d5 $1 {with advantage to Black}) 10... Bd7 (10... e5
11. Nb3 d5 (11... Be6 {is a sound alternative}) 12. exd5 Nxd5 13. Nxd5 Qxd5 14.
O-O Nc6 15. Rfd1 Qe6 16. c3 b6 17. Rd2 Qe7 18. Be4 Bb7 19. Qb5 Rac8 20. Rad1
Rfd8 21. Qa4 Rxd2 22. Rxd2 Bf6 23. Bd5 Kg7 24. Qe4 Rc7 25. Re2 Nd8 26. Rd2 Nc6
27. Re2 Nd8 28. Rd2 Nc6 {1/2-1/2 Anand,V-Kamsky,G/Buenos Aires(04) 1994}) 11.
O-O Rc8 12. Ndb5 a6 13. Na7 {voluntarily trapping the knight!} Rxc3 $1 14. bxc3
Be6 15. f4 {White's hopes lay in trying to attack on the kingside. With a
shattered queenside and a knight out of play, the extra material is quite
meaningless.} Qc7 16. f5 Bc4 17. Bd4 Nd7 $1 18. Rf3 b6 19. Rh3 e5 $1 {now
Black is well on top} 20. Be3 (20. fxe6 Bxe6 21. Rh4 Ne5 {with a comfortable
game for Black}) 20... Nf6 21. Rb1 Rb8 22. Rf1 d5 {Black is in no hurry to
grab the a7 knight, it can't run away!} 23. fxg6 hxg6 24. Bh6 Nxe4 25. Bxg7
Kxg7 26. Qe3 Qc5 $1 {killing White's attacking hopes, the endgame which
follows is completely lost for White} 27. Bxe4 dxe4 28. Rd1 Ra8 29. Rd7 Be6 30.
Qxc5 bxc5 31. Rc7 Bxh3 32. gxh3 Nc4 33. Nc8 Rb8 34. Rxc5 Nd2 35. Kf2 f5 36.
Rc7+ Kh6 37. Ne7 Nf3 38. Rc6 Nh4 39. Kg3 Kg5 40. Re6 Rb2 {White has no time to
grab pawns as he will be in a mating net after 41...Rxc2} 0-1

[Event "Platonov Memorial"]
[Site "Kiev"]
[Date "1995.??.??"]
[Round "8"]
[White "Timoshenko, Georgy"]
[Black "Golubev, Mikhail"]
[Result "1/2-1/2"]
[WhiteElo "2550"]
[BlackElo "2525"]
[Annotator "Johnson,M"]
[PlyCount "45"]
[EventDate "1995.??.??"]
[EventType "tourn"]
[EventRounds "13"]
[EventCountry "UKR"]
[EventCategory "10"]
[SourceTitle "CBM 051"]
[Source "ChessBase"]
[SourceDate "1996.04.01"]
[SourceVersion "1"]
[SourceVersionDate "1996.04.01"]
[SourceQuality "1"]

1. e4 c5 2. Nf3 d6 3. d4 cxd4 4. Nxd4 Nf6 5. Nc3 g6 6. Be3 Bg7 7. f3 Nc6 8. Qd2
O-O 9. O-O-O d5 10. exd5 (10. Kb1 Nxd4 11. e5 Nxf3 (11... Nd7 12. Bxd4 Nxe5 13.
Qe3 Nc6 14. Bxg7 Kxg7 15. Nxd5 Qa5 16. b4 $1 Qa4 17. b5 Rb8 $1 18. Qb3 Qxb3+
19. axb3 e6 20. bxc6 exd5 21. c7 Ra8 22. Rxd5 Be6 23. Rc5 Rfe8 24. Bd3 Rac8 25.
Ra5 a6 26. Re1 Rxc7 27. Re4 {1/2-1/2 Milov,L-Golubev,M/Biel op 1994}) 12. gxf3
Nh5 13. Qxd5 (13. Nxd5 Be6 14. Bc4 Bxd5 15. Bxd5 Bxe5 16. f4 Bf6 17. f5 Qc7 18.
fxg6 hxg6 19. Rhg1 e6 20. Bf3 Ng7 21. Bg5 Rad8 22. Qg2 Bxg5 23. Qxg5 b6 24. h4
Rxd1+ 25. Rxd1 Rc8 26. Qd2 Qg3 27. Qd7 Rc5 28. Rd3 Qc7 29. Qd8+ Kh7 30. Qf8
Rxc2 31. Rd1 Rf2 32. Be4 Qh2 33. Qb4 Rf4 34. Qe1 Qxh4 {0-1 Szieberth,
A-Schneider,A/Budapest 1995}) 13... Qc7 14. f4 Bg4 15. Be2 Bxe2 16. Nxe2 Rad8
17. Qc5 $1 Qxc5 18. Bxc5 {1/2-1/2 Brodsky,M-Marin,M/Bucarest 1995}) 10... Nxd5
11. Nxc6 bxc6 12. Bd4 e5 13. Bc5 Be6 $1 14. Ne4 (14. Bxf8 $6 Qxf8 15. Kb1 Rb8
$40) 14... Re8 (14... Rb8 $5 15. c4 Re8 $1 16. cxd5 (16. g4 $142) 16... cxd5
$17) 15. h4 Nf4 (15... h6) 16. g3 $2 (16. Qe1 $1 Qc7 17. g3 Nd5 18. g4 $14)
16... Qxd2+ 17. Rxd2 Nd5 18. g4 Nf4 19. Ba6 Bd5 20. c4 Bxe4 21. fxe4 Ne6 22.
Be3 Rab8 23. Rd6 1/2-1/2

[Event "EU-chT (Men) 19th"]
[Site "Warsaw"]
[Date "2013.11.12"]
[Round "5.3"]
[White "Baramidze, David"]
[Black "Jones, Gawain C B"]
[Result "1/2-1/2"]
[WhiteElo "2614"]
[BlackElo "2648"]
[Annotator "Jones,G"]
[PlyCount "66"]
[EventDate "2013.11.08"]
[EventType "team-swiss"]
[EventRounds "9"]
[EventCountry "POL"]
[SourceTitle "CBM 158"]
[Source "ChessBase"]
[SourceDate "2014.01.16"]
[SourceVersion "1"]
[SourceVersionDate "2014.01.16"]
[SourceQuality "1"]
[WhiteTeam "Germany"]
[BlackTeam "England"]
[WhiteTeamCountry "GER"]
[BlackTeamCountry "ENG"]

{The England team drew five matches but at least we managed to win this one 2.
5-1.5!} 1. e4 c5 2. Nf3 d6 3. d4 cxd4 4. Nxd4 Nf6 5. Nc3 g6 {I wasn't
expecting an Open Sicilian and decided to see what he had waiting for me in
the Dragon.} 6. Be3 Bg7 7. f3 O-O 8. Qd2 Nc6 9. O-O-O d5 10. exd5 Nxd5 11. Nxc6
bxc6 12. Bd4 {This seems to be the mainline of the whole variation these days.}
Bxd4 13. Qxd4 Qb6 {But here he sunk into a half hour think which really
surprised me, after all I've had this position four times before in database
games!} 14. Nxd5 $5 {Grabbing the pawn is very rare and has a bad reputation
yet it's probably ok.} (14. Na4 {is of course the mainline and played in all
the previous games.}) 14... cxd5 15. Qxd5 (15. Qxb6 {has been played a couple
of times but this is hardly a try for an advantage.}) 15... Be6 16. Qb5 {
Curiously White actually has 3/4 in the games that have reached this position
despite Schulz giving question marks to both of White's last two moves! Here I
returned the favour and had a long think myself.} Qf2 {And I think this is a
novelty.} (16... Qc7 {looks natural and indeed Houdini slightly prefers Black.
However I was slightly concerned my counterplay might dry up after something
like} 17. Bd3 (17. Qa4 Rab8 18. Ba6 {1/2-1/2 Xie Jun (2510)-Lalic,B (2565)
Hastings 1996 (37); doesn't feel like the right square for the bishop. Sure
White covers the c8-square but c2 looks rather tender to me.}) 17... Rab8 18.
Qa4 {Here I imagined the position with the queen on a3 and thought I might
find it difficult to break through. Of course the position must be playable
but Black's results haven't been good:} {Perhaps} Qc5 {dissuading Qa3 is the
most accurate.} (18... a5 {looks logical.} 19. c3 $6 (19. Qa3 {looks more
consistent.}) 19... Rb4 20. Qc2 Rb6 21. Qa4 Rfb8 22. Rd2 Rb4 $6 {Black starts
drifting.} 23. Qa3 Bd7 24. Bb1 R4b5 25. Re1 e5 26. Bd3 Rc5 27. Bxg6 Be6 $2 28.
Bc2 $18 {1-0 Nemeth,M (2378)-Kargin,A (2406) Budapest 2005 (37)}) (18... Rfc8
19. Qa3 Qe5 20. Rhe1 Qxh2 21. Qxe7 Qf4+ $6 (21... Bxa2 {As in the game Black
should grab the pawn on a2 if at all possible.}) 22. Kb1 Rxb2+ $2 {and this
doesn't work.} 23. Kxb2 Rb8+ 24. Bb5 $1 Rxb5+ 25. Ka1 Qc4 26. Qd8+ Kg7 27. Qd4+
$18 {1-0 Azarov,S (2520)-Sharma,R (2311) Goa 2002 (60).}) 19. b3 a5 20. Rhe1
Rfc8 21. Re2 Rb6 $13) (16... Qe3+ {has also been tried but it's not clear what
this achieves.} 17. Kb1 Rab8 18. Qa5 $1 {A very useful square for the White
queen protecting everything.} Rfc8 19. Bd3 Rc5 20. Qd2 Qd4 $6 21. b3 Qa4 22.
Be4 Qb5 23. Qe3 a5 24. Rd4 Rc7 25. Rhd1 $16 {1-0 Stubberud,O (2183)-Kobzar,A 
(2092) St Petersburg 2006. And Black's counterplay had been completely
extinguished.}) {In an individual tournament I would probably have played 16...
Qc7 but in a team tournament a quick draw with Black was fine.} 17. Rd2 Qe1+
18. Rd1 Qf2 19. Bd3 $5 {Baramidze elects to play on.} Rab8 (19... Qxg2 {
was of course the alternative. After} 20. Be4 $13 {The position is complex. I
was worried that White might manage some attack on the kingside and the
g2-pawn might not be so relevant (even allowing White some attacking chances
down the g-file). Meanwhile taking the a2-pawn gives my attack far better
chances to break through on the queenside.}) 20. Qe5 Bxa2 21. h4 {And so we
get a classic Dragon race after all!} Qb6 (21... Rfc8 22. h5 Qc5 {would be the
safe way of playing but White is definitely to be preferred after} 23. Rde1
Qxe5 24. Rxe5 Rc7 $14 {as he has greater control while I have to watch out for
my king safety and potentially weak e7- and a7-pawns.}) 22. b3 {This move
surprised me but is probably critical.} ({I was spending most of my time on} 
22. h5 f6 23. Qc3 Rfc8 24. Qa3 Bf7 25. hxg6 Bxg6 $11 {which is a line the
computer seems to agree with.}) 22... Bxb3 {I felt obliged to sacrifice my
bishop to wrench open White's king, otherwise White's attack is coming too
fast.} 23. cxb3 Qxb3 24. Kd2 {The king needs to at least attempt to run to the
kingside for cover.} Rfd8 (24... Rb6 25. Qc3 Qa2+ 26. Ke3 (26. Bc2 Rbb8 $1 $11
{is a curious computer line. I'd missed the final move but apparently it's
completely equal (of course!).}) 26... Qxg2 27. Rdg1 {may favour White as
Black runs out of checks.}) 25. Ke2 (25. Ke1 {was the alternative when} Rd5 {
was my plan.} (25... Rb6 26. Be2 Rxd1+ 27. Bxd1 Qa2 28. Kf1 Rb1 {is also equal}
) {when White has to find} 26. Qc7 $1 (26. Qe2 $2 Qc3+ 27. Kf1 Rbd8 $17 {
wins the piece}) 26... Rbd8 27. Qc2 Qb6 28. Be2 Rxd1+ 29. Bxd1 Qe3+ 30. Be2 a5
{with a forced draw again after say} 31. h5 gxh5 32. Rxh5 Qg1+ 33. Bf1 Qe3+ 34.
Be2 $11) 25... Rd6 $6 {These positions are rather difficult for humans to play
and here we both miss an idea for White.} ({Instead I should have played} 25...
Rb6 $1 {when a draw would have been the logical outcome after either} 26. Be4 (
{or} 26. Bb1 Rxd1 27. Rxd1 f5 $1 28. Kf2 (28. Bxf5 Qb2+ 29. Qxb2 Rxb2+ 30. Kf1
gxf5 31. Rd7 $11) 28... Qxd1 29. Ba2+ e6 30. Bxe6+ Rxe6 31. Qxe6+ $11) 26...
Qa2+ 27. Ke3 Qb3+ 28. Ke2 $11) 26. Kf2 $6 {Now the game is back on track for
the draw.} ({Houdini points out that White could have obtained some advantage
with} 26. Qc5 $1 {with the same point as in a previous line that} Rbd8 27. Qc2
$1 {Defends important squares.}) ({Meanwhile both of us were busy analysing
the consequences of} 26. Be4 {but we concluded correctly that} Re6 27. Qc7 f5
28. Rd8+ Rxd8 29. Qxd8+ Kg7 {can only favour Black.}) 26... Rbd8 {The pin
forces White to give up his extra piece but he has a perpetual.} 27. Be2 Rxd1
28. Rxd1 Rxd1 29. Bxd1 Qxd1 30. Qb8+ Kg7 31. Qe5+ Kg8 32. Qb8+ Kg7 33. Qe5+ Kg8
1/2-1/2

[Event "Sigeman & Co 03rd"]
[Site "Malmo"]
[Date "1995.??.??"]
[Round "1"]
[White "Hector, Jonny"]
[Black "Brynell, Stellan"]
[Result "1-0"]
[WhiteElo "2540"]
[BlackElo "2435"]
[Annotator "King,D"]
[PlyCount "137"]
[EventDate "1995.05.??"]
[EventType "tourn"]
[EventRounds "9"]
[EventCountry "SWE"]
[EventCategory "12"]
[SourceTitle "CBM 048"]
[Source "ChessBase"]
[SourceDate "1995.10.01"]
[SourceVersion "1"]
[SourceVersionDate "1995.10.01"]
[SourceQuality "1"]

1. e4 c5 2. Nf3 Nc6 3. d4 cxd4 4. Nxd4 g6 5. Nc3 Bg7 6. Be3 Nf6 7. Bc4 O-O 8.
Bb3 d6 9. f3 Bd7 10. Qe2 Na5 11. O-O-O Nxb3+ 12. cxb3 {We are always told to
'capture towards the centre', but here, this is the correct recapture as Black
will now find it much harder to attack the K. Indeed, he doesn't get near it
in the whole game. If there were no Q on the board, then 12. ab3 would be
correct.} a6 13. Kb1 b5 14. Rc1 Qb8 15. Qd2 Qb7 16. g4 b4 17. Na4 Bxa4 18. bxa4
Rac8 19. h3 Nd7 20. Nb3 Ne5 21. Qe2 Rxc1+ 22. Rxc1 Rc8 23. Rxc8+ Qxc8 24. Nd2
Qc6 25. f4 Nd7 26. a5 e6 27. Qc4 Qb7 28. Bb6 d5 29. Qxb4 Bh6 30. e5 g5 31. f5
exf5 32. gxf5 Bf8 33. Qd4 Qc6 34. Qe3 h6 35. e6 fxe6 36. fxe6 Nf6 37. Bd4 Be7
38. Qe5 Qa4 39. Nb3 Qc4 40. Qf5 Kg7 41. Qf3 Kg6 42. a3 h5 43. Ka2 Qc2 44. Qf1
Qc4 45. Qf2 Qd3 46. Nc5 Qxh3 47. Bxf6 Bxc5 48. Qxc5 Qxe6 49. Bd4 Kf5 50. Qc2+
Qe4 51. Qf2+ Qf4 52. b4 h4 53. b5 h3 54. bxa6 Qxf2+ 55. Bxf2 h2 56. a7 h1=Q 57.
a8=Q Qd1 58. Qc8+ Ke5 59. Qc3+ Ke6 60. Qe3+ Kd7 61. a6 d4 62. Qh3+ Kd8 63. Qh8+
Kd7 64. Qg7+ Ke6 65. Qg6+ Kd5 66. Qf7+ Ke4 67. Qe6+ Kf4 68. Bg3+ Kxg3 69. Qb3+
1-0

[Event "Rubinstein Memorial 37th"]
[Site "Polanica Zdroj"]
[Date "2000.08.18"]
[Round "2"]
[White "Ivanchuk, Vassily"]
[Black "Fedorov, Alexei"]
[Result "1-0"]
[WhiteElo "2719"]
[BlackElo "2646"]
[Annotator "Kortschnoj,V"]
[PlyCount "77"]
[EventDate "2000.08.17"]
[EventType "tourn"]
[EventRounds "9"]
[EventCountry "POL"]
[EventCategory "17"]
[SourceTitle "CBM 079"]
[Source "ChessBase"]
[SourceDate "2000.11.21"]
[SourceVersion "1"]
[SourceVersionDate "2000.11.21"]
[SourceQuality "1"]

1. e4 {Rogozenko} c5 2. Nf3 d6 3. d4 cxd4 4. Nxd4 Nf6 5. Nc3 g6 6. Be3 Bg7 7.
f3 O-O 8. Qd2 Nc6 9. O-O-O d5 {This pawn sacrifice throughout the century had
been considered safe for black. Perhaps, this game will force theoreticians to
reassess this continuation, as not quite sound.} 10. exd5 Nxd5 11. Nxc6 bxc6
12. Nxd5 cxd5 13. Qxd5 {Rogozenko: 'Ivanchuk played this line before only once
(although 9.0-0-0 is his favourite line). Although it was never considered
very dangerous for Black by the theory, the present game may change the
evaluation, or at least Black will have to look for better ways to prove
compensation for the pawn.'} Qc7 14. Qc5 Qb7 {The main line. In the game
Ivanchuk-Hodgson, 1996 14...Qb8 had been played...} (14... Qb8 {Rogozenko:} 15.
b3 (15. Qa3) 15... Bf5 16. Bd3 Rc8 17. Qa5 Rc3 18. Bxf5 Rxe3 19. Be4 Qf4 20.
Bxa8 (20. g3 Qf6 21. Rd8+ Rxd8 22. Qxd8+ Bf8 23. Kb1 Qc3 24. g4 e6 (24... Re2
$44) 25. h4 h6 26. h5 gxh5 27. gxh5 f5 28. Bd3 Re1+ 29. Rxe1 Qxe1+ 30. Kb2 Qe5+
31. Kb1 Qe1+ 32. Kb2 Qe5+ 33. Kb1 {1/2-1/2 Rios,M-Cabrera,A/Medellin 2000})
20... Rxb3+ $2 (20... Rd3+ $1 21. Kb1 Qd4) 21. Rd2 Rb8 22. Bd5 Bh6 23. Rhd1 Qd4
24. c3 Qd3 25. Bb3 Rd8 26. c4 e5 27. c5 e4 28. fxe4 {1-0 Ivanchuk,V-Hodgson,J/
Amsterdam 1996}) 15. Qa3 $1 {Rogozenko: 'Also 15.b3 is not bad, but in that
case Black is not forced to put the Rook on b8.  After 15.Qa3 he has to play
Rb8, otherwise White will not weaken the position with b3.'} Bf5 16. Bd3 {
More exact than} (16. Ba6 Qc7 17. Qc5 Qb6 $1 {what leads to an about equal
endgame.}) 16... Rab8 (16... Rfb8 {Rogozenko} 17. b3 a5 18. Bxf5 gxf5 19. Qc5 (
19. Qa4 $5) 19... a4 20. b4 (20. Qxf5 $2 axb3) 20... a3 (20... Qxb4 $2 21. Rd8+
$18) 21. Rd3 e6 {and Black has some compensation for the pawn, but not clear
if enough. 1/2-1/2 Mellado Trivino,J-Martin Gonzalez,A/Barcelona 2000/ (33)})
17. b3 Rbc8 {Two rounds later, against Movsesian, Fedorov has choosen 17...
Rfc8, what looks more active. Rogozenko: 'Taking on d3 would help White to
double his Rooks quicker. But I would think twice before allowing White to
take on f5, which seriously breaks black pawn structure.'} (17... Rfc8 {
Rogozenko} 18. Bxf5 gxf5 19. Rd3 Qc7 20. c4 a5 21. Rhd1 Ra8 22. Rd7 Qe5 23. Bd4
Qf4+ 24. Kb1 Bf8 25. Qc1 Qxc1+ 26. Kxc1 $18 {1-0 Movsesian,S-Fedorov,A/
Polanica Zdroj 2000/ (56)}) (17... Bxd3 {Rogozenko} 18. Rxd3 Rfc8 {with some
compensation.}) (17... Qc6 {Rogozenko} 18. Bxf5 gxf5 19. Bd4 Rfc8 20. c4 Qh6+
21. Kb1 Bxd4 22. Rxd4 e5 23. Rd6 $16 {1-0 Dubiel,J-Zaskalski,A/chT-Pol 2000/ 
(43)}) 18. Bxf5 gxf5 19. Rd3 {Rogozenko: 'White's strategy becomes clear: he
will take control over d-file and protect the King by playing c4. The Queen on
a3 plays an important role in protecting the King along the diagonal a1-h8. In
fact White has a solid position and at the same time obvious possibilities for
active play.'} Qc6 20. c4 Qf6 21. Rhd1 $3 {This is the main point of the
Ivanchuk's discovery: black threats along the black diagonal are not too
dangerous.} Rc6 {Too optimistic. Black threatens to win the game by Ra6 - this
threat is easy to repel. Instead I would suggest 21...Rcd8 - just to change a
pair of rooks...} 22. Bd4 e5 23. Bc3 Ra6 24. Qb2 Qh6+ 25. Kb1 Qxh2 26. Rd8 {
'!' Rogozenko.} Bf6 27. R8d7 $1 {Rogozenko: 'Everything is equal now, but
White has a huge advantage. He has a better pawn structure and his pieces are
much more active. On top on this black King is not safer than his white
colleague.'} Bg7 28. Qc2 Rg6 29. R1d2 Qg1+ 30. Kb2 f4 31. Re2 {'!' Rogozenko.}
Rg5 32. b4 {Rogozenko: 'Black is totally helpless with no active play at all,
so White just starts pushing his pawns. At one point he will just exchange
Queens (by activating white Queen) and the game will be over.'} a5 $6 {Black
play could certainly be improved. In order to render longer resistance - 32...
Rc8 or Qb6 was stronger.} 33. b5 h5 34. Qd1 Qc5 {The endgame does not suit
black: after} (34... Rxg2 35. Qxg1 Rxg1 36. b6 {black has a difficult task -
to stop white pawns. Still, it was the best what black could do...}) 35. Qd5
Qg1 {Rogozenko: 'Black overlooked the next move, but the position is lost
anyway.'} 36. Rxf7 $1 Rxf7 37. Qd8+ Rf8 38. Qxg5 Qf1 39. Rc2 1-0

[Event "ISR-ch"]
[Site "Tel Aviv"]
[Date "2002.11.27"]
[Round "3"]
[White "Kundin, Alexander"]
[Black "Porat, Shay"]
[Result "1-0"]
[WhiteElo "2429"]
[BlackElo "2343"]
[Annotator "Kortschnoj,V"]
[PlyCount "93"]
[EventDate "2002.11.24"]
[EventType "swiss"]
[EventRounds "9"]
[EventCountry "ISR"]
[SourceTitle "CBM 093"]
[Source "ChessBase"]
[SourceDate "2003.04.01"]
[SourceVersion "1"]
[SourceVersionDate "2003.04.01"]
[SourceQuality "1"]

1. e4 c5 2. Nf3 d6 3. d4 cxd4 4. Nxd4 Nf6 5. Nc3 g6 6. Be3 Bg7 7. f3 Nc6 8. Qd2
O-O 9. g4 {The aim of this move is to prevent d6-d5, what could happen, say,
after 9.0-0-0.} Be6 10. O-O-O Nxd4 11. Bxd4 Qa5 12. a3 Rfc8 13. h4 Rab8 14. h5
b5 15. hxg6 fxg6 16. g5 b4 $5 {A recent discovery. The move was suggested by A.
Schulz in his annotations to the game Sax-Relange, 1997. Earlier 16...Nh5 had
been played, always with advantage for white.} 17. gxf6 (17. Nb5 $5 {is an
alternative, rather dangerous for black.}) 17... bxc3 18. Bxc3 Rxc3 19. Qxc3 {
Forced.} (19. fxg7 $2 Rxb2 $19) 19... Qxc3 20. bxc3 Bxf6 {The whole line was
given by Schulz with the continuation 21.Kd2 Bg5 and with a verdict "it is
playable for black". So, this is the first practical check-up of the line.} 21.
f4 $5 Bxc3 22. Rd3 Ba5 $1 {Since black is going to harass the white king, this
move is stronger than a retreat along the big diagonal.} 23. Rg3 Ba2 24. c4 {
Played the most energetic way. But a modest 24.c3 with eventual continuation
24...Kg7 25.Bg2 Bc4 26.Kc2 looked more solid. Still, one has to admit, black
has had full compensation for an exchange.} Kg7 25. f5 Rb1+ 26. Kc2 Re1 27.
fxg6 hxg6 28. Rh5 $1 {The best move. White also starts to create some threats.}
Bb1+ 29. Kb3 Bb6 30. Bg2 Bf2 $2 {Black overestimates his chances. After 30 ...
Be4 he would equalize the position,or even get a slight edge.} 31. Rg4 Bd3 32.
Rh1 $1 {Very important move. After a natural reply 32.Rg5?! black was going to
begin a hunt on the white king: 32...Bd4!, followed by Rb1+.} Re2 (32... Re3
33. Rh3 $1) 33. Kc3 Bc2 34. Bf1 (34. Rc1 $6 Ba4 35. Bf1 Re3+ $1 {black pieces
are very active.}) 34... Be1+ {It looks like a mutual time trouble. After 34...
Be4!? 35.Be2 Bh1 36.Bd3 Bc5 black had more practical chances to save the game.}
(34... Bxe4 35. Bxe2 Bxh1 36. Bd3 Bc5) 35. Kd4 Bf2+ 36. Kc3 Be1+ 37. Kd4 Bf2+
38. Kd5 Rd2+ 39. Ke6 Rd4 (39... Bd1 40. Rf4) 40. Rh2 Bxe4 {The last
time-trouble-move. It loses a piece. It is true, after} (40... Bd1 41. Rf4 Bg3
42. Rf7+ Kg8 43. Rhh7 Rxe4+ 44. Kd7 {white pieces develop their activity to
the utmost.}) 41. Rxf2 Bf5+ 42. Rxf5 $18 Rxg4 43. Rf7+ Kg8 44. Rxe7 Rf4 45. Bd3
Rd4 46. Bxg6 Rxc4 47. Kf6 1-0